Famous People with French Names - Statistics

General Stats
  • This quiz has been taken 42 times
  • The average score is 10 of 15
Answer Stats
Hint Answer % Correct
Canadian singer known for her power ballads of the 1990s {Celine} Dion
100%
U.S. First Lady between 2009 and 2017 {Michelle} Obama
92%
Influential French fashion designer {Yves} Saint-Laurent
92%
Another Canadian singer, whose hits include "Sk8er Boi" and "Complicated" {Avril} Lavigne
89%
American gymnast considered among the best of all time {Simone} Biles
82%
U.S. First Lady between 1961 and 1963 {Jacqueline} Kennedy
76%
Longest-serving French president (in power 1981 - 1995) {François} Mitterand
74%
American actor who won an Oscar for his role in "The Pianist" {Adrien} Brody
71%
American actor famous for her role as Bridget Jones {Renée} Zellweger
71%
Pioneering French oceanographer {Jacques} Costeau
63%
Ivory Coast footballer who played for Chelsea {Didier} Drogba
61%
French mime artist who died in 2007 {Marcel} Marceau
50%
French Catholic philosopher of the 17th century {Blaise} Pascal
29%
Australian feminist writer known for "The Female Eunuch" {Germaine} Greer
26%
Beyoncé's younger sister, a singer in her own right {Solange} Knowles
26%
No matching quizzes found
Score Distribution
Percent of People with Each Score
Percentile by Number Answered
Your Score History
You have not taken this quiz